Des bâtisseurs de cathédrales aux architectes de la vie (notice n° 1605111)
[ vue normale ]
| 000 -LEADER | |
|---|---|
| fixed length control field | 02065cam a2200181 4500500 |
| 005 - DATE AND TIME OF LATEST TRANSACTION | |
| control field | 20251228094929.0 |
| 041 ## - LANGUAGE CODE | |
| Language code of text/sound track or separate title | fre |
| 042 ## - AUTHENTICATION CODE | |
| Authentication code | dc |
| 100 10 - MAIN ENTRY--PERSONAL NAME | |
| Personal name | Bouit, Delphine |
| Relator term | author |
| 245 00 - TITLE STATEMENT | |
| Title | Des bâtisseurs de cathédrales aux architectes de la vie |
| 260 ## - PUBLICATION, DISTRIBUTION, ETC. | |
| Date of publication, distribution, etc. | 2011.<br/> |
| 500 ## - GENERAL NOTE | |
| General note | 75 |
| 520 ## - SUMMARY, ETC. | |
| Summary, etc. | Une réflexion philosophique sur la construction s’impose à l’heure où se renouvellent les interrogations scientifiques sur l’existence ou non d’un grand architecte dans l’univers. Les cathédrales des bâtisseurs, les monastères des mystiques, les châteaux théoriques et poétiques du philosophe dévoilent, en leur édifice, une même architecture seconde et secrète. Pas de construction sans fondation ; pas de fondation sans lumière… ainsi en serait-il de l’origine de l’univers ? |
| 520 ## - SUMMARY, ETC. | |
| Summary, etc. | At a time when scientific questions are once again being raised as to whether or not there is a great architect for our universe, it is crucial to reflect on construction from the point of view of philosophy. One same type of hidden, underlying architecture is revealed in cathedrals raised by builders, monasteries set up by mystics and in philosophers’ theoretical and poetic structures. Every building needs a foundation; every foundation needs light – might this be true about the origins of the universe? |
| 520 ## - SUMMARY, ETC. | |
| Summary, etc. | Numa altura em que voltam a surgir as interrogações científicas sobre a existência ou inexistência de um grande arquitecto do universo, impõe-se uma reflexão filosófica sobre o próprio conceito de construção. Com efeito, tanto a catedral dos tempos medievos, como o mosteiro dos místicos ou os castelos teóricos e poéticos dos filósofos, evidenciam, na sua edificação, uma mesma arquitectura subliminar e secreta. Não existe construção sem fundação; nem fundação sem luz… será esse o caso da origem do universo? |
| 786 0# - DATA SOURCE ENTRY | |
| Note | Sigila | 28 | 2 | 2011-10-03 | p. 19-29 | 1286-1715 |
| 856 41 - ELECTRONIC LOCATION AND ACCESS | |
| Uniform Resource Identifier | <a href="https://shs.cairn.info/revue-sigila-2011-2-page-19?lang=fr&redirect-ssocas=7080">https://shs.cairn.info/revue-sigila-2011-2-page-19?lang=fr&redirect-ssocas=7080</a> |
Pas d'exemplaire disponible.




Réseaux sociaux